| 000 | 00556nam a2200169 a 4500 | ||
|---|---|---|---|
| 005 | 20210219160259.0 | ||
| 008 | 081006s2000 mx r 000 0 spa d | ||
| 035 | _aUPN01000162242 | ||
| 049 | _aUNE | ||
| 080 | _aOC 017: 378.22 (72) 1987-89 CEN. | ||
| 245 | 0 | 0 | _aCentro de investigación y de estudios avanzados del instituto politécnico nacional 1987-1989. |
| 260 | _aMéxico : CINVESTAV. | ||
| 300 | _a701 p. | ||
| 690 | _aEstablecimientos de enseñanza superior- Mexico | ||
| 690 | _aEscuelas profesionales superiores- Mexico | ||
| 905 | _aUNESCO | ||
| 999 |
_c134355 _d134355 |
||